<?xml version="1.0" encoding="UTF-8"?>
<record
    xmlns:xsi="http://www.w3.org/2001/XMLSchema-instance"
    xsi:schemaLocation="http://www.loc.gov/MARC21/slim http://www.loc.gov/standards/marcxml/schema/MARC21slim.xsd"
    xmlns="http://www.loc.gov/MARC21/slim">

  <leader>01265nam a2200265 a 4500</leader>
  <controlfield tag="001">000044393</controlfield>
  <controlfield tag="003">DO-SdBNP</controlfield>
  <controlfield tag="005">20160920150638.0</controlfield>
  <controlfield tag="007">000044393</controlfield>
  <controlfield tag="008">140627s2009    dr a          000 0 spa d</controlfield>
  <datafield tag="040" ind1=" " ind2=" ">
    <subfield code="a">BPMET</subfield>
    <subfield code="b">spa</subfield>
    <subfield code="c">BPMET</subfield>
  </datafield>
  <datafield tag="092" ind1=" " ind2=" ">
    <subfield code="a">xxxx</subfield>
    <subfield code="b">xxxx</subfield>
  </datafield>
  <datafield tag="100" ind1=" " ind2=" ">
    <subfield code="4">Le&#xF3;n, Mar&#xED;a Amalia </subfield>
  </datafield>
  <datafield tag="245" ind1="0" ind2="0">
    <subfield code="a">Cuentos de la reserva de la bi&#xF3;sfera :</subfield>
    <subfield code="b">Jaragua, Bahoruco, Enriquillo /</subfield>
    <subfield code="c">Mar&#xED;a Amalia Le&#xF3;n; Mar&#xED;a Teresa Ruiz de Catrain; Natacha Calder&#xF3;n Cabral ; ilustraciones Tania Marmolejo.</subfield>
  </datafield>
  <datafield tag="260" ind1=" " ind2=" ">
    <subfield code="a">Santo Domingo :</subfield>
    <subfield code="b">Propagas,</subfield>
    <subfield code="c">2009.</subfield>
  </datafield>
  <datafield tag="300" ind1=" " ind2=" ">
    <subfield code="a">[32, 36, 36] p. :</subfield>
    <subfield code="b">il. + CD ;</subfield>
    <subfield code="c">21 cm.</subfield>
  </datafield>
  <datafield tag="505" ind1="0" ind2=" ">
    <subfield code="t">Cuando el viento habla- /</subfield>
    <subfield code="r">Mar&#xED;a Amalia Le&#xF3;n</subfield>
    <subfield code="t">&#xA1;Es la tierra m&#xE1;s hermosa que ojos jam&#xE1;s hayan visto!</subfield>
    <subfield code="r">Mar&#xED;a Teresa Ruiz de Catrain /</subfield>
    <subfield code="t">Tambor y misterio al pi&#xE9; del guayacan /</subfield>
    <subfield code="r">Natacha Calder&#xF3;n Cabral</subfield>
  </datafield>
  <datafield tag="563" ind1=" " ind2=" ">
    <subfield code="a">Tres obras publicadas juntas con paginaci&#xF3;n independientes</subfield>
  </datafield>
  <datafield tag="700" ind1="1" ind2="2">
    <subfield code="a">Cuando el viento habla...</subfield>
    <subfield code="t">Le&#xF3;n, Mar&#xED;a Amalia</subfield>
  </datafield>
  <datafield tag="700" ind1="1" ind2="2">
    <subfield code="a">Ruiz de Catrain, Mar&#xED;a Teresa</subfield>
    <subfield code="t">&#xA1;Es la tierra m&#xE1;s hermosa que ojos jam&#xE1;s hayan visto!</subfield>
  </datafield>
  <datafield tag="700" ind1="1" ind2="2">
    <subfield code="a">Calder&#xF3;n Cabral, Natacha</subfield>
    <subfield code="t">Tambor y misterio al pi&#xE9; del guayacan</subfield>
  </datafield>
  <datafield tag="700" ind1="1" ind2=" ">
    <subfield code="a">Marmolejo, Tania</subfield>
    <subfield code="e">il.</subfield>
  </datafield>
  <datafield tag="942" ind1=" " ind2=" ">
    <subfield code="2">ddc</subfield>
    <subfield code="c">BK</subfield>
  </datafield>
  <datafield tag="952" ind1=" " ind2=" ">
    <subfield code="0">0</subfield>
    <subfield code="1">0</subfield>
    <subfield code="2">ddc</subfield>
    <subfield code="4">0</subfield>
    <subfield code="7">0</subfield>
    <subfield code="8">DOM</subfield>
    <subfield code="a">BPMET</subfield>
    <subfield code="b">BPMET</subfield>
    <subfield code="d">2015-02-02</subfield>
    <subfield code="l">0</subfield>
    <subfield code="p">BPMET15040961</subfield>
    <subfield code="r">2015-02-02</subfield>
    <subfield code="t">1 ej. </subfield>
    <subfield code="w">2015-02-02</subfield>
    <subfield code="y">BK</subfield>
  </datafield>
  <datafield tag="952" ind1=" " ind2=" ">
    <subfield code="0">0</subfield>
    <subfield code="1">0</subfield>
    <subfield code="2">ddc</subfield>
    <subfield code="4">0</subfield>
    <subfield code="7">0</subfield>
    <subfield code="8">DOM</subfield>
    <subfield code="a">BPMET</subfield>
    <subfield code="b">BPMET</subfield>
    <subfield code="d">2015-02-02</subfield>
    <subfield code="l">0</subfield>
    <subfield code="p">BPMET15040962</subfield>
    <subfield code="r">2015-02-02</subfield>
    <subfield code="t">2 ej.</subfield>
    <subfield code="w">2015-02-02</subfield>
    <subfield code="y">BK</subfield>
  </datafield>
  <datafield tag="956" ind1=" " ind2=" ">
    <subfield code="a">VMATEO </subfield>
    <subfield code="b">10</subfield>
    <subfield code="c">20150520</subfield>
    <subfield code="l">BPMSU</subfield>
    <subfield code="h">0069</subfield>
  </datafield>
  <datafield tag="999" ind1=" " ind2=" ">
    <subfield code="c">7300</subfield>
    <subfield code="d">7300</subfield>
  </datafield>
</record>
